[Event "Hoogovens"]
[Site "Wijk aan Zee"]
[Date "1998.01.16"]
[Round "1"]
[White "Van Wely, Loek"]
[Black "Salov, Valery"]
[Result "1/2-1/2"]
[WhiteElo "2605"]
[BlackElo "2680"]
[Annotator "Hecht,H"]
[PlyCount "123"]
[EventDate "1998.01.16"]
[EventType "tourn"]
[EventRounds "13"]
[EventCountry "NED"]
[EventCategory "17"]
[SourceTitle "CBM 063"]
[Source "ChessBase"]
[SourceDate "1998.03.26"]
[SourceVersion "1"]
[SourceVersionDate "1998.03.26"]
[SourceQuality "1"]

1. c4 e5 2. Nc3 Nf6 3. Nf3 Nc6 4. g3 Bb4 5. Nd5 Bc5 6. Bg2 d6 7. O-O O-O 8. d3
h6 9. e3 a6 10. a3 Ba7 11. b4 Nxd5 12. cxd5 Ne7 13. Nd2 f5 14. Nc4 f4 15. exf4
exf4 16. Bxf4 Rxf4 17. gxf4 Ng6 18. Qf3 Qf6 19. Rae1 Bd7 20. Re6 Bxe6 21. dxe6
Rb8 22. Ne3 Nxf4 23. Ng4 Qd4 24. Re1 d5 25. Ne3 c6 26. Nf5 Qxf2+ 27. Qxf2 Bxf2+
28. Kxf2 Nxd3+ 29. Ke2 Nxe1 30. Kxe1 {[#] weißer e-Freibauer bindet die
schwarzen Figuren und sorgt für knappe Kompensation.  1.} Re8 31. Nd4 {
Denkbare schwarze Pläne: K-Wanderung nach d6 i.V. mit b6 und c5 oder ggf. 
Qualitätsopfer gegen Be6+Läufer mit 3 Bauern für den Springer.  In der Patie
mobilisiert Schwarz den Königsflügel, bleibt aber mit dem König stecken.} g6 (
31... Kf8 32. Bh3 Ke7 33. Nf5+ Kf6 34. Nd6 Re7 35. Kd2 Ke5 36. Nf7+ Kf6 37. Nd6
$11) 32. Bh3 Kg7 (32... Kf8 33. Nb3 Ke7 34. Nc5 b6 35. Nxa6 Ra8 36. b5 Kd6 $5
$13 {Analyse! Ideen:} 37. a4 (37. bxc6 Rxa6 38. e7 Ra8 {[%cal Ra8e8]}) (37. e7
Kxe7 (37... c5 38. Be6 {[%cal Re6d5]}) (37... cxb5 $1) 38. bxc6 Rxa6 39. c7)
37... c5 38. Bg2 Ra7 $1) 33. Nb3 Re7 34. Nc5 g5 (34... Kf6 $2 35. Nd7+ Kg5 36.
Kf2 Kh4 37. Kg2 d4 38. Ne5 Kg5 39. Kf3 Kf6 40. Ke4 h5 41. Kxd4 g5 42. Nd7+ Kg6
43. Ke5 g4 44. Bg2 $18) 35. Nd7 h5 (35... Kg6 $5 36. Nb6 h5 37. Nc8 Re8 38.
Bf5+ (38. e7 g4) (38. Nd6 Re7 39. Bf5+ Kf6 40. Nc8 Kxf5 41. Nxe7+ Kxe6 42. Nc8
Ke5 $17) 38... Kxf5 39. Nd6+ Kxe6 40. Nxe8 Ke5 $17 {eröffnet Schwarz m.M. nach
so oder so gute Gewinnchancen}) 36. Bf5 g4 37. Kf2 Kh6 38. h4 {Sperrt den
schwarzen König ein, gewährt Schwarz aber auch einen gedeckten Freibauern.} d4
39. Nc5 (39. Ke2 $5 Kg7 40. Kd3 g3 41. Ke2 d3+ $1) 39... Kg7 40. Ne4 Re8 41.
Ke2 Rf8 42. Ng3 Kf6 43. Kd3 Ke5 44. e7 Re8 45. Nxh5 Rxe7 46. Bxg4 Rc7 (46...
Rh7 $5) 47. Kd2 c5 48. bxc5 Rxc5 49. a4 Rc3 50. Bd7 b6 51. Bg4 Ra3 52. Bd7 Kd6
53. Be8 Rh3 54. Nf4 Rxh4 55. Nd3 Rh2+ 56. Kc1 Kd5 57. Bf7+ Ke4 58. Bg6+ Ke3 59.
Nb4 Rh6 60. Nc2+ Kf4 61. Bd3 {Das Material verglüht und Schwarz hat nichts
erreicht.} a5 62. Nxd4 (62. Nxd4 Ke3 63. Nf5+ Kxd3 64. Nxh6 Kc3 $11) 1/2-1/2

[Event "YUG-ch 57th"]
[Site "Banja Koviljaca"]
[Date "2002.03.17"]
[Round "2"]
[White "Damljanovic, Branko"]
[Black "Popovic, Petar"]
[Result "0-1"]
[WhiteElo "2545"]
[BlackElo "2533"]
[Annotator "Hecht,H"]
[PlyCount "125"]
[EventDate "2002.03.16"]
[EventType "tourn"]
[EventRounds "13"]
[EventCountry "YUG"]
[EventCategory "10"]
[SourceTitle "CBM 089"]
[Source "ChessBase"]
[SourceDate "2002.08.12"]
[SourceVersion "1"]
[SourceVersionDate "2002.08.12"]
[SourceQuality "1"]

1. c4 Nf6 2. Nc3 e5 3. Nf3 Nc6 4. g3 Bc5 5. Bg2 d6 6. O-O O-O 7. e3 Bb6 8. h3
Bf5 9. d4 h6 10. a3 a5 11. b3 e4 12. Nd2 Re8 13. Bb2 Bg6 14. Ne2 d5 15. Nf4 Bh7
16. Nxd5 Nxd5 17. cxd5 Qxd5 18. Nc4 Rad8 19. Rc1 Qe6 20. Qe2 Rd5 21. Rfd1 Red8
22. Bc3 Bg6 23. b4 axb4 24. axb4 Bh5 25. g4 Bg6 26. f4 exf3 27. Qxf3 Ba7 28.
Kh1 Qe7 29. b5 Rxb5 30. d5 Nb4 31. Ra1 Bb6 32. e4 Kh7 33. e5 Nxd5 34. Nxb6 Nxb6
35. Rxd8 Qxd8 36. e6 fxe6 37. Qxb7 Rd5 38. Re1 Rd1 39. Rxd1 Qxd1+ 40. Kh2 Qd6+
41. Kh1 Qd1+ 42. Kh2 Qd6+ 43. Kh1 Nd5 44. Bd2 Nf6 45. Qb2 Ne4 46. Be3 c5 47.
Kg1 Qg3 48. Qe2 c4 49. Bc1 c3 50. Qe3 Qxe3+ 51. Bxe3 Nd2 52. Bc6 Nc4 53. Bc1
Ne5 54. Ba4 Be4 55. Kf1 g5 56. Bb3 Nd3 57. Be3 e5 58. Bc2 Kg6 {Übergang in das
Endspiel "ungleichfarbige Läufer"} 59. Ke2 (59. Bxd3 Bxd3+ 60. Kf2 Kf6 61. Kg3
Ke6 62. h4 gxh4+ 63. Kxh4 Kd5 64. Kg3 Ke4 65. Kf2 Bc4 66. Bxh6 Kd3 67. Bg7 e4
68. Bxc3 e3+ 69. Kf3 Bd5+ 70. Kf4 $11) 59... Nc1+ 60. Bxc1 Bxc2 61. Ke3 (61.
Kf3 e4+ 62. Kg3 Kf6 63. h4 gxh4+ 64. Kxh4 Ke5 65. Kg3 Kd4 66. Kf2 Kd3 67. Bxh6
Bd1 {Analyse}) 61... Bd1 62. Ba3 Kf6 63. Bf8 {Analyse!} 0-1

[Event "EU-Cup 13th final"]
[Site "Kazan"]
[Date "1997.12.29"]
[Round "2"]
[White "Ibragimov, Ildar"]
[Black "Onischuk, Alexander"]
[Result "0-1"]
[WhiteElo "2585"]
[BlackElo "2625"]
[Annotator "Hecht,H"]
[PlyCount "138"]
[EventDate "1997.12.28"]
[EventType "team-k.o."]
[EventRounds "4"]
[EventCountry "RUS"]
[SourceTitle "EXT 2020"]
[Source "ChessBase"]
[SourceDate "2019.10.17"]
[SourceVersion "1"]
[SourceVersionDate "2019.10.17"]
[SourceQuality "1"]
[WhiteTeam "Kazan Sberbank-Tatarstan"]
[BlackTeam "Azov Ladya"]
[WhiteTeamCountry "RUS"]
[BlackTeamCountry "RUS"]

1. c4 Nf6 2. Nc3 e5 3. Nf3 Nc6 4. g3 Bc5 5. d3 d6 6. Bg2 h6 7. O-O O-O 8. a3 a5
9. e3 Bb6 10. b3 Bf5 11. h3 Qd7 12. Kh2 Rae8 13. Bb2 Bh7 14. Qd2 e4 15. dxe4
Nxe4 16. Nxe4 Bxe4 17. Qc3 f6 18. b4 Qf7 19. Rfd1 Re7 20. c5 dxc5 21. bxc5 Ba7
22. Rac1 b6 23. cxb6 Bxb6 24. Qc4 Qxc4 25. Rxc4 Rd8 26. Rxd8+ Nxd8 27. Nd2 Bxg2
28. Kxg2 Rd7 29. Nb3 Nb7 30. a4 Kf7 31. Kf3 h5 32. Ke2 Ke6 33. Rc2 c5 34. Nd2
Kd5 35. Nc4 Kc6 36. Ba3 Bc7 37. g4 hxg4 38. hxg4 Rd8 39. Rd2 Rh8 40. Kf3 Nd6
41. Nxd6 Bxd6 42. Bb2 Rb8 43. g5 fxg5 44. Kg4 Be7 45. Bxg7 Rb4+ 46. Kf5 Rxa4
47. e4 c4 48. Rc2 Rb4 49. e5 a4 50. Bf6 Bf8 51. e6 Rb5+ 52. Kg6 Kd5 53. e7 Bxe7
54. Bxe7 {# Da� Schwarz hier noch gewinnt, entspricht nicht den
Stellungsgegebenheiten. Probleme bereitet freilich die Abseitsposition des
wei�en K�nigs. Die Suche nach einem Gewinn gestaltet sich daher schwierig.
Remis hat Wei� freilich immer...... Endspielmedaille f�r Strategie und
Taktik} g4 55. Bf6 {Auf der Suche nach einem Gewinn bin ich nicht f�ndig
geworden. Bitte versuchen Sie Ihr Analysegl�ck!} (55. Kf5 Kd4+ 56. Kxg4 Kd3
57. Ra2 c3 58. Rxa4 c2 59. Ba3 (59. Bg5 $2 Rxg5+) (59. Ra1 Rb1 60. Ra3+ Ke2)
59... Rb1 60. Kf3 (60. f4 Ra1 61. Ra8 Ke2 62. Rc8 Kd1 63. Bb2 Rb1 $10) 60...
Ra1 61. Ra8 Kc4 $1 62. Rc8+ Kb3 $10) 55... Rb3 56. Re2 (56. Ra2 Rf3 $6 (56...
a3 $1 {mit doppelter Drohung, den Bf2 abzutauschen.} 57. Ba1 (57. Kg5 c3 58.
Kxg4 Rb2 59. Rxa3 Rxf2 60. Bxc3 $10) 57... Rf3 {58...g3 =}) 57. Bh4 a3 58. Kg5)
56... c3 57. Kf5 a3 58. Kxg4 Rb2 59. Re5+ Kc4 {#} 60. f3 (60. f4 $142 {
Tempoersparnis, wenn es nach Opfer von Turm und L�ufer gegen die zwei
Freibauern darum geht, wenigstens das Remis zu retten.}) 60... c2 61. Re8 Rb1
62. Rc8+ Kd3 63. Rd8+ Ke2 64. Re8+ Kf1 65. Rc8 c1=Q 66. Rxc1+ Rxc1 67. Kf5 (67.
f4 Ke2 68. f5 Kd3 69. Be5 (69. Kf4 Rf1+ 70. Ke5 a2 71. Ke6 Ke4 $19) 69... Ke4
$19) 67... Ke2 68. Ke4 Rc4+ 69. Kd5 Rf4 {Die Katastrophe ist da!} 0-1

[Event "Ciocaltea Memorial"]
[Site "Bucharest"]
[Date "1999.03.12"]
[Round "9"]
[White "Aronian, Levon"]
[Black "Rogozenco, Dorian"]
[Result "1/2-1/2"]
[WhiteElo "2502"]
[BlackElo "2557"]
[Annotator "Hecht,H"]
[PlyCount "160"]
[EventDate "1999.03.04"]
[EventType "tourn"]
[EventRounds "13"]
[EventCountry "ROU"]
[EventCategory "10"]
[SourceTitle "CBM 070"]
[Source "ChessBase"]
[SourceDate "1999.06.08"]
[SourceVersion "1"]
[SourceVersionDate "1999.06.08"]
[SourceQuality "1"]

1. c4 e5 2. g3 Nf6 3. Bg2 d5 4. cxd5 Nxd5 5. Nf3 Nc6 6. O-O Be7 7. Nc3 Nb6 8.
d3 O-O 9. Be3 Bg4 10. Rc1 Re8 11. a3 Bf8 12. Nd2 Qd7 13. Re1 Rad8 14. b4 Nd4
15. Nb3 c6 16. Na5 h6 17. Qd2 Qe7 18. Qb2 Bc8 19. Ne4 Na4 20. Qb1 Kh8 21. Nd2
f5 22. Nf3 Qf6 23. Nxd4 exd4 24. Bd2 Qf7 25. e4 dxe3 26. Bxe3 Nb6 27. Nc4 Nxc4
28. dxc4 a6 29. Qb2 Be7 30. Bd4 Kg8 31. Be5 Bf8 32. a4 Be6 33. b5 cxb5 34. cxb5
Bd5 35. Bf1 a5 36. Rc7 Qh5 37. Be2 $6 (37. Bg2) 37... Qh3 38. Bf1 Qg4 39. Bg2
Bxg2 40. Kxg2 Qxa4 41. Re3 b6 42. Bxg7 Rxe3 43. Bxf8 Qe4+ 44. Kh3 Qe5 45. Qc1
f4 46. fxe3 Qh5+ 47. Kg2 Qe2+ 48. Kh3 Qh5+ 49. Kg2 f3+ 50. Kh1 f2 51. Qc4+ Qd5+
52. Qxd5+ Rxd5 53. Kg2 Rf5 54. Kf1 Kxf8 55. Ra7 Rxb5 56. Kxf2 Rb2+ 57. Kf3 Rxh2
{[#] Freibauern} 58. e4 Ra2 59. Ra6 Rb2 $6 (59... b5 $5 60. Rxh6 a4 61. Rb6 Rb2
62. Ra6 Rb3+ 63. Kf4 a3 64. g4 (64. e5 b4 65. g4 Rb2 66. g5 a2 67. g6 b3 68. e6
Rb1 69. Ra8+ Kg7 70. e7 Re1 $19) 64... b4 65. g5 Rb2 66. Kf5 a2 67. e5 b3 68.
Ra8+ Ke7 69. Ra7+ Kd8 70. g6 Rg2 71. Kf6 b2 72. Rxa2 b1=Q 73. Rxg2 Qf1+ $19)
60. Kf4 Ke7 61. Kf5 Kd6 62. e5+ Kc6 63. Ra7 Rf2+ 64. Ke4 h5 65. e6 Kd6 66. Rb7
Re2+ 67. Kd3 Re1 68. Kd2 Re5 69. Rxb6+ Kc5 70. Ra6 Kb5 71. Rd6 Kc5 72. Ra6 Kb5
73. Rd6 Kc4 74. Rc6+ Kb5 75. Rd6 Kc5 76. Ra6 Kb5 77. Rd6 Kc5 78. Ra6 Kb5 79.
Rd6 Kc5 80. Ra6 Kb5 1/2-1/2

[Event "Reykjavik zt"]
[Site "Reykjavik"]
[Date "1995.??.??"]
[Round "6"]
[White "Stefansson, Hannes"]
[Black "Olafsson, Helgi"]
[Result "1/2-1/2"]
[WhiteElo "2530"]
[BlackElo "2520"]
[Annotator "Hecht,H"]
[PlyCount "119"]
[EventDate "1995.03.??"]
[EventType "swiss"]
[EventRounds "11"]
[EventCountry "ISL"]
[SourceTitle "CBM 047"]
[Source "ChessBase"]
[SourceDate "1995.08.01"]
[SourceVersion "1"]
[SourceVersionDate "1995.08.01"]
[SourceQuality "1"]

1. c4 Nf6 2. Nc3 e5 3. Nf3 Nc6 4. g3 Bc5 5. Bg2 d6 6. O-O O-O 7. d3 a6 8. a3
Nd4 9. b4 Nxf3+ 10. Bxf3 Bd4 11. Bb2 c6 12. e3 Ba7 13. d4 exd4 14. exd4 d5 15.
cxd5 Nxd5 16. Qd2 Nb6 17. d5 Bh3 18. Rfb1 Nc4 19. Qf4 b5 20. Ne2 g5 21. Qc1
cxd5 22. Bc3 d4 23. Bxd4 Bxd4 24. Nxd4 Qxd4 25. Qxg5+ Kh8 26. Bxa8 Rxa8 27. Rd1
Qb6 28. Qh4 Qe6 29. Rd8+ Rxd8 30. Qxd8+ Kg7 31. Qg5+ Qg6 32. Qxg6+ hxg6 33. a4
{[#]} Nd2 34. f4 Nb3 35. Ra3 Be6 36. axb5 axb5 37. Kf2 Nd4 38. Ra1 Kf6 39. Rd1
Nc2 40. Rb1 Kf5 41. Rb2 Na3 42. Re2 Bc4 43. Re5+ Kf6 {RP<->BN. wMehrbauer am
Kflügel. W Bauernschwäche b4. SK wird aktiviert.Duell der Freibauern.} 44. Re1
Nc2 45. Rb1 Kf5 46. Rb2 Bd3 47. Kf3 Be4+ 48. Kf2 Kg4 (48... Ke6 49. Ke2 Kd5 50.
Kd2 Kc4 51. Rxc2+ Bxc2 52. Kxc2 Kxb4 53. g4 Kc4 54. h4 Kd5 55. Kb3 Ke4 56. h5
gxh5 57. gxh5 Kf5 58. Kb4 Kf6 59. Kxb5 Kg7 60. Kc6 Kh6 61. Kd6 Kxh5 $10) 49.
Rb3 Kh3 50. Rc3 Nxb4 51. Rc8 Nd3+ (51... Nd5 $5 52. Re8 Nf6) 52. Ke3 f5 53. Rg8
Kg2 (53... b4 $5 {Analyse erforderlich!} 54. Rxg6 b3 55. Rb6 (55. Kd2 b2 56.
Rh6+ Kg2 57. Kc2 Nxf4+ 58. Kxb2 Nh3 $17) 55... b2 56. Kd4 (56. Rb3 Kxh2 57. g4
fxg4 58. Kxe4 Nc5+) 56... Nb4 57. Rxb4 b1=Q 58. Rxb1 Bxb1 $19) 54. Rxg6 Nf2 55.
h4 b4 56. Kd4 b3 57. h5 b2 58. Rb6 Ng4 59. Rxb2+ Kxg3 60. Rb6 1/2-1/2

[Event "USA-ch"]
[Site "Seattle"]
[Date "2002.01.10"]
[Round "6"]
[White "Mikhailuk, Slava"]
[Black "Sagalchik, Gennadij"]
[Result "1-0"]
[WhiteElo "2447"]
[BlackElo "2531"]
[Annotator "Hecht,H"]
[PlyCount "121"]
[EventDate "2002.01.05"]
[EventType "swiss"]
[EventRounds "9"]
[EventCountry "USA"]
[SourceTitle "CBM 087"]
[Source "ChessBase"]
[SourceDate "2002.03.21"]
[SourceVersion "1"]
[SourceVersionDate "2002.03.21"]
[SourceQuality "1"]

1. c4 e5 2. Nc3 Nc6 3. Nf3 Nf6 4. g3 Nd4 5. Bg2 Nxf3+ 6. Bxf3 Bb4 7. Qb3 Bc5 8.
d3 h6 9. g4 c6 10. h4 Be7 11. g5 hxg5 12. Bxg5 d6 13. O-O-O Qc7 14. Rdg1 Be6
15. Be3 Bf8 16. h5 d5 17. Bg5 dxc4 18. dxc4 Nd7 19. Be3 f5 20. h6 gxh6 21. Bh5+
Kd8 22. f3 Bc5 23. Bxc5 Nxc5 24. Rd1+ Kc8 25. Qa3 b6 26. b4 Nd7 27. Qa6+ Qb7
28. Qxb7+ Kxb7 29. Bf7 Nf8 30. Bxe6 Nxe6 31. Rd7+ Nc7 32. Rh5 Raf8 33. Re7 Re8
34. Rf7 f4 35. Ne4 Re6 36. c5 Kb8 37. Kc2 Rd8 38. Rh7 Na6 39. Kc3 bxc5 40. bxc5
Rd5 41. Rf5 Re8 42. Rff7 Nxc5 43. Nf6 Rc8 44. Nxd5 cxd5 45. Kb4 e4 46. fxe4
dxe4 47. Rxf4 Ne6 48. Rff7 Nc7 49. Kc5 e3 50. Kd4 Ne6+ 51. Kxe3 Nd8 52. Rxa7
Rc6 53. Rag7 Re6+ 54. Kf2 Kc8 55. Rg8 Rf6+ 56. Kg3 Rd6 57. Rhh8 Kc7 58. Rxd8
Rxd8 59. Rxd8 Kxd8 {[#] Zwei um drei Linien getrennte Freibauern gewinnen!
Noch auf ihren Ausgangsplätzen postiert verteidigen sie sich wegen der
Doppelzugmöglichkeit sogar ganz allein. Das gilt auch für die
Bauernkonstellation a2/c2, a2/d2 und erst recht für a2/f2.} 60. a4 ({Wegen der
eben beschriebenen Gesetzmäßigkeit hat der weiße König freie Hand und es
genügt auch} 60. Kg4 Ke7 61. Kh5 Kf6 62. Kxh6 Ke5 63. Kg5 $18) 60... Kd7 61. e4
1-0

[Event "EU-Cup 01st final"]
[Site "Solingen"]
[Date "1976.05.08"]
[Round "4.1"]
[White "Dvoretzky, Mark"]
[Black "Hecht, Hans Joachim"]
[Result "1/2-1/2"]
[WhiteElo "2540"]
[BlackElo "2495"]
[Annotator "Hecht,H"]
[PlyCount "87"]
[EventDate "1976.05.08"]
[EventType "team-match"]
[EventRounds "3"]
[EventCountry "GER"]
[SourceTitle "MCD"]
[Source "ChessBase"]
[SourceDate "1999.07.01"]
[SourceVersion "1"]
[SourceVersionDate "1999.07.01"]
[SourceQuality "1"]
[WhiteTeam "Burevestnik"]
[BlackTeam "Solingen SG"]
[WhiteTeamCountry "URS"]
[BlackTeamCountry "GER"]

1. c4 e5 2. Nc3 Nf6 3. g3 Bb4 4. Bg2 O-O 5. Nf3 Re8 6. O-O e4 7. Nd4 Nc6 8. Nc2
Bxc3 9. dxc3 d6 10. Bg5 h6 11. Bxf6 Qxf6 12. Ne3 Re5 13. Qd2 Bf5 14. Nd5 Qd8
15. f4 exf3 16. exf3 Re8 17. b3 Ne7 18. Ne3 Bd7 19. Rfe1 Bc6 20. Rad1 b6 21. f4
Qd7 22. Qf2 Rad8 ({Man beachte den Reinfall:} 22... Bxg2 23. Qxg2 Qc6 $2 24.
Qxc6 Nxc6 25. Nd5 Rxe1+ 26. Rxe1 Rc8 27. Re7 $1 {und Weiß gewinnt einen Bauern.
}) 23. Bxc6 Nxc6 24. Nd5 Ne7 25. Nxe7+ Rxe7 26. Rxe7 Qxe7 27. Re1 Qd7 28. Qf3
Re8 29. Rxe8+ Qxe8 30. Kf2 c6 31. g4 g6 32. h3 f5 33. gxf5 gxf5 34. Qd3 Qe6 35.
Qd4 Kf7 36. Qh8 Qf6 37. Qh7+ Ke6 38. Kg2 Qxc3 39. Qg6+ Qf6 40. Qe8+ Qe7 41.
Qxc6 Qg7+ 42. Kh2 Qb2+ 43. Kg3 Qg7+ 44. Kh4 1/2-1/2

[Event "Elgoibar 13th"]
[Site "Elgoibar"]
[Date "2003.12.04"]
[Round "2.3"]
[White "Paunovic, Dragan"]
[Black "Gonzalez de la Torre, Santiago"]
[Result "1-0"]
[WhiteElo "2504"]
[BlackElo "2365"]
[Annotator "Hecht,H"]
[PlyCount "169"]
[EventDate "2003.11.03"]
[EventType "tourn"]
[EventRounds "9"]
[EventCountry "ESP"]
[EventCategory "9"]
[SourceTitle "CBM 099"]
[Source "ChessBase"]
[SourceDate "2004.03.30"]
[SourceVersion "1"]
[SourceVersionDate "2004.03.30"]
[SourceQuality "1"]

1. c4 Nf6 2. Nc3 e5 3. g3 d5 4. cxd5 Nxd5 5. Bg2 Nb6 6. d3 Be7 7. Be3 O-O 8.
Rc1 Re8 9. Nf3 Nc6 10. O-O Bf8 11. Ne4 Nd4 12. Ned2 Nxf3+ 13. Nxf3 Nd5 14. Bd2
c5 15. a3 b6 16. Qa4 Bb7 17. b4 e4 18. dxe4 Rxe4 19. Rfd1 Qe8 20. Qb3 Nf6 21.
bxc5 Bd5 22. Qd3 Bxc5 23. Bg5 Re6 24. Nd4 Bxg2 25. Kxg2 Rd6 26. Bxf6 Rxf6 27.
Nf5 g6 28. Nh6+ Kg7 29. Ng4 Re6 30. Qc3+ f6 31. Qd2 Rxe2 32. Qh6+ Kh8 33. Qh4
Re6 34. Re1 Qc6+ 35. f3 Rf8 36. Qh6 Rfe8 37. Qd2 Kg7 38. Qh6+ Kh8 39. Qd2 Kg7
40. Qh6+ Kg8 41. Qd2 f5 42. Nf2 Rxe1 43. Rxe1 Rxe1 44. Qxe1 Bxa3 45. Qa1 Qd6
46. g4 Bc5 47. Qa2+ Kf8 48. g5 Bxf2 49. Qxf2 Qf4 50. h4 Qb4 51. Kh3 Qc3 52. Qg3
Ke7 53. Qf2 Kd6 54. Kg2 {[#]  Secondary theme: four queens. It is hard to
imagine that White should win this ending, two pawns down and with no chance
of couterplay!  [#] Unterthema: Vier Damen Es ist kaum vorstellbar, dass Weiß
dieses Endspiel mit zwei Minusbauern und ohne Chance auf Gegenspiel gewinnt!}
Kd5 $2 (54... Qb4 {followed by a5 wins easily. nebst a5 gewinnt locker}) 55.
Qa2+ Kc6 56. Qxa7 Qd2+ 57. Kh3 Qd7 58. Qa4+ b5 59. Qc2+ Kb6 60. Qf2+ Kc6 61.
Qc2+ Kb6 62. Qf2+ Kb7 63. Qc5 Qc6 64. Qe7+ Qc7 65. Qb4 Qe5 66. Qd2 Kc6 67. Qa5
Qd5 68. Kg3 Qd6+ 69. Kh3 Qd5 70. Kg2 Kc5 $2 71. Qa7+ Kc4 72. Qxh7 b4 73. h5 (
73. Qxg6 b3 74. Qf6 Qd2+ 75. Kh3 b2 76. Qxf5 Qd3 $11) 73... b3 74. hxg6 b2 75.
g7 {Things have been completely turned around. White also gets a queen and has
a safe king position and an extra pawn.  Das Spiel hat sich komplett gedreht.
Weiß bekommt ebenfalls eine Dame bei gesicherter Königsstellung und einem
Mehrbauern.} Qd2+ (75... b1=Q 76. g8=Q Qb2+ 77. Kh3 Qbe5 {may not lead to mate,
but to an exchange of queens leaving only remote chances of a draw. führt zwar
nicht zum Matt, aber zum Damentausch mit nur geringen Remischancen.}) 76. Kh3
b1=Q 77. g8=Q+ Qd5 78. Qc7+ Kd4 79. Qa7+ Kc4 80. Qa4+ Kc3 81. Qxd5 Qh1+ 82. Kg3
f4+ 83. Kg4 Qg2+ 84. Kf5 Qh3+ 85. Kg6 1-0

[Event "Odorheiu Secuiesc zt"]
[Site "Odorheiu Secuiesc"]
[Date "1995.??.??"]
[Round "6"]
[White "Markowski, Tomasz"]
[Black "Mozny, Milos"]
[Result "1/2-1/2"]
[WhiteElo "2470"]
[BlackElo "2435"]
[Annotator "Hecht,H"]
[PlyCount "96"]
[EventDate "1995.03.??"]
[EventType "swiss"]
[EventRounds "9"]
[EventCountry "ROU"]
[SourceTitle "CBM 047"]
[Source "ChessBase"]
[SourceDate "1995.08.01"]
[SourceVersion "1"]
[SourceVersionDate "1995.08.01"]
[SourceQuality "1"]

1. c4 e5 2. g3 Nf6 3. Bg2 d5 4. cxd5 Nxd5 5. Nc3 Nb6 6. Nf3 Nc6 7. O-O Be7 8.
d3 Be6 9. a3 O-O 10. b4 a5 11. b5 Nd4 12. Nd2 Nd5 13. Bxd5 Bxd5 14. e3 Be6 15.
exd4 Qxd4 16. Nde4 Rad8 17. Be3 Qxd3 18. Qxd3 Rxd3 19. Rfc1 b6 20. Ng5 Bg4 21.
h3 Bh5 22. g4 Rxe3 23. Nd5 Bxg5 24. Nxe3 Bg6 25. Rxc7 f5 26. Nxf5 Bxf5 27. gxf5
Rxf5 28. Rd1 {RR<->RB8 Motive: Freibauern auf beiden Seiten, vergebener weißer
Gewinn Zug 42/43, taktischer Witz Zug 44} h5 29. Rdd7 Bh6 30. Kg2 e4 31. a4
Rg5+ 32. Kf1 e3 33. fxe3 Rg3 34. e4 Rxh3 35. Rc6 Ra3 36. e5 Ra1+ 37. Kg2 Ra2+
38. Kf3 Rxa4 39. e6 Bg5 40. Rxb6 Rf4+ 41. Ke2 h4 {[#]} 42. Rbb7 (42. Rb8+ Kh7 (
42... Rf8 43. Rxf8+ Kxf8 44. b6 h3 45. Kf3 h2 46. Kg2 Ke8 47. b7 Bf4 48. Rxg7
$18) 43. e7 Re4+ 44. Kf3 Re3+ 45. Kf2 Rxe7 46. Rxe7 Bxe7 47. b6 $18) 42... Bf6
43. Rd3 $2 (43. Rb8+ Kh7 44. e7 Re4+ 45. Kf3 Rxe7 46. Rxe7 Bxe7 47. b6 h3 48.
Ra8 h2 49. Kg2 $18) 43... Re4+ 44. Re3 h3 $1 45. Rxe4 h2 46. e7 Bxe7 47. Rexe7
h1=Q 48. Rxg7+ Kf8 1/2-1/2

[Event "Riga Tal Memorial"]
[Site "Riga"]
[Date "1995.??.??"]
[Round "8"]
[White "Gulko, Boris F"]
[Black "Short, Nigel D"]
[Result "1/2-1/2"]
[WhiteElo "2595"]
[BlackElo "2655"]
[Annotator "Hecht,H"]
[PlyCount "118"]
[EventDate "1995.04.??"]
[EventType "tourn"]
[EventRounds "11"]
[EventCountry "LAT"]
[EventCategory "17"]
[SourceTitle "CBM 047"]
[Source "ChessBase"]
[SourceDate "1995.08.01"]
[SourceVersion "1"]
[SourceVersionDate "1995.08.01"]
[SourceQuality "1"]

1. c4 e5 2. Nc3 Nf6 3. Nf3 Nc6 4. g3 Bb4 5. Bg2 O-O 6. O-O d6 7. d3 h6 8. Bd2
a5 9. a3 Bc5 10. Na4 Re8 11. Nxc5 dxc5 12. Bc3 e4 13. dxe4 Qxd1 14. Rfxd1 Nxe4
15. e3 Nxc3 16. bxc3 a4 17. Rd5 b6 18. Ne5 Bb7 19. Nxc6 Bxc6 20. Rd3 Bxg2 21.
Kxg2 Re4 22. Rd7 Rc8 23. Rad1 Kf8 24. R1d3 Rxc4 25. Kf3 b5 26. g4 b4 27. cxb4
cxb4 28. axb4 Rxb4 29. Rc3 c5 30. Ra7 c4 31. Ke4 Rb3 32. Rc2 a3 33. Kd4 c3 34.
Kd3 Rd8+ 35. Kc4 Rb2 36. Rxc3 Rc8+ 37. Kd3 Rxc3+ 38. Kxc3 Rxf2 39. Rxa3 Rxh2
40. Kd3 Rh4 41. Ra4 g6 42. Rd4 Kg7 43. Re4 h5 44. gxh5 Rxe4 45. Kxe4 gxh5 {
P-2P. e<->f+h. Thema: zugeordnete Felder/ Opposition. Seltener Fall, wo
Minusbauer nicht verliert.} 46. Kf5 f6 47. Kf4 $1 (47. e4 $2 Kf7 48. e5 h4 49.
Kg4 (49. e6+ Ke7 50. Kg4 Kxe6 51. Kxh4 Kf5 52. Kg3 Ke4 53. Kf2 Kf4 $19) 49...
fxe5 50. Kxh4 Ke6 51. Kg3 Kd5 52. Kf3 Kd4 53. Ke2 Ke4 $19) 47... Kf7 48. Kg3
Kg6 49. Kf4 Kg7 50. Kf3 $1 (50. Kf5 $2 Kf7 51. Kf4 Ke6 52. Kg3 Kf5 53. Kh4 Kg6
$19) 50... Kf8 51. Kg2 (51. Kg3 Kf7 52. Kf3 Ke6 53. Kf4 Kd5 54. Kf5 h4 55. Kg4
Ke4 56. Kxh4 Kxe3 57. Kg4 Ke4 $19) 51... Kg8 52. Kf2 Kf8 53. Kg2 Ke7 54. Kh3
Kf7 55. Kg3 Kg6 56. Kf4 Kh6 57. Kf5 Kh7 58. e4 Kh6 (58... Kg7 59. e5 $10) 59.
Kxf6 h4 1/2-1/2

[Event "Donau op 06th"]
[Site "Aschach"]
[Date "1997.12.28"]
[Round "4"]
[White "Hertneck, Gerald"]
[Black "Epishin, Vladimir"]
[Result "1/2-1/2"]
[WhiteElo "2525"]
[BlackElo "2570"]
[Annotator "Hertneck,G"]
[PlyCount "45"]
[EventDate "1997.12.26"]
[EventType "swiss"]
[EventRounds "7"]
[EventCountry "AUT"]
[SourceTitle "CBM 063 Extra"]
[Source "ChessBase"]
[SourceDate "1998.04.29"]
[SourceVersion "1"]
[SourceVersionDate "1998.04.29"]
[SourceQuality "1"]

1. c4 e5 2. Nc3 Nf6 3. Nf3 Nc6 4. g3 Bb4 5. Bg2 Bxc3 6. bxc3 O-O 7. O-O Re8 8.
d3 e4 9. Nd4 h6 10. dxe4 $5 Nxe4 11. Qc2 d5 12. Rd1 Nxd4 $8 (12... Qf6 $2 13.
Be3 Be6 14. cxd5 Bxd5 15. c4 $18) 13. Rxd4 Qf6 14. Bf4 $1 (14. Be3 c5 $1 15.
Bxe4 (15. Rxd5 $2 Nxc3 16. Rd3 Nxe2+) 15... dxe4 $1 (15... cxd4 16. Bxd4 Qe7
17. Bxd5 Qxe2 $140 $2 18. Qg6 $18) 16. Rxe4 Bf5 17. Rxe8+ Rxe8 $44) 14... Bf5
$1 (14... c5 $2 15. Rxd5 Nxc3 (15... Qxc3 16. Rc1 $16) 16. Be5 $1 Rxe5 17. Qxc3
Rxe2 18. Qxf6 gxf6 19. Rxc5 $16) 15. Qb2 (15. cxd5 $2 Nxg3 16. e4 Nxe4 17. Bxe4
Bxe4 18. Rxe4 Qg6+ $19) 15... dxc4 16. Rxc4 b6 $1 (16... b5 $5) (16... c6 $2
17. Qxb7) 17. Rxc7 Rac8 18. Rxc8 Rxc8 19. Rc1 Rxc3 (19... Nxc3 20. e4 $5 (20.
Bf3) 20... Nxe4 21. Rxc8+ Bxc8 22. Be5 Qg6 23. Qd4 (23. Bxg7 Nxg3 24. Bxh6 Nf5
25. Bf4 Nh4 26. Bg3 Nxg2 27. Kxg2 Bb7+ 28. f3 $13) 23... Bb7 (23... Bf5 $2 24.
g4 $16) 24. Qd8+ Kh7 25. Qc7 Bd5 26. Qxa7 Qc6 27. Qa3 $13) 20. Bxe4 Rxc1+ (
20... Rxg3+ $2 21. hxg3 Qxb2 22. Bxf5 $18) 21. Bxc1 Qxb2 22. Bxb2 Bxe4 23. a3
1/2-1/2